Ends in 'AI' to 'ZI' Quiz Stats

Quiz Updated Feb 16, 2012

Challenge
Share
Tweet
Embed
Score 0/26 Timer 06:00
1 Play Today
Hint Answer % Correct
A US stateHawaii
95.2%
Home of Dolphins and HeatMiami
94.9%
Cabtaxi
94.6%
Users of 'The Force'Jedi
92.4%
Renowned Italian artist and inventorLeonardo da Vinci
89.6%
An African expedition, perhapssafari
87.4%
Common legal defensealibi
87.2%
Jeanmaker StraussLevi
87%
Longtime Libyan leaderMuammar Gaddafi
82.6%
1995 Robin Williams filmJumanji
82.5%
Biblical gift giversmagi
79.9%
Vietnamese capitalHanoi
79%
Nation of HispaniolaHaiti
70.2%
Hint Answer % Correct
Political and spiritual Indian leaderMahatma Gandhi
68.7%
Ice resurfacing machineZamboni
67.7%
Japanese military nobilitySamurai
67.7%
Whirlpool and spa companyJacuzzi
65.5%
National language of IranFarsi
60.4%
Tikrit residentIraqi
57.8%
African nation, formerly NyasalandMalawi
57.5%
Persistence of Memory artistSalvador DalĂ­
45.7%
Wearinessennui
43.1%
Wrinkly, dark-tongued canineshar-pei
42.3%
Giraffe relativeokapi
29.7%
Thor Heyerdahl's raftKon-Tiki
26.6%
Wife of Woody AllenSoon-Yi
21.2%

You're not logged in!

Compare scores with friends on all Sporcle quizzes.
Sign Up with Email
OR
Log In

You Might Also Like...

Show Comments

Extras

Top Quizzes Today


Score Distribution

Your Account Isn't Verified!

In order to create a playlist on Sporcle, you need to verify the email address you used during registration. Go to your Sporcle Settings to finish the process.